logo

Bir Sreshtho Munshi Abdur Rouf Library
Jhenaidah Cadet College

Sophie's world / (Record no. 12748)

MARC details
000 -LEADER
fixed length control field 01273nam a2200373 a 4500
001 - CONTROL NUMBER
control field 12748
003 - CONTROL NUMBER IDENTIFIER
control field BD-JhCC
005 - DATE AND TIME OF LATEST TRANSACTION
control field 20230510115207.0
008 - FIXED-LENGTH DATA ELEMENTS--GENERAL INFORMATION
fixed length control field 230510s2015 enk 001 f eng d
020 ## - INTERNATIONAL STANDARD BOOK NUMBER
International Standard Book Number 9781474602280
Qualifying information (pbk.)
020 ## - INTERNATIONAL STANDARD BOOK NUMBER
International Standard Book Number 1474602282
035 ## - SYSTEM CONTROL NUMBER
System control number (BD-JhCC)12748
040 ## - CATALOGING SOURCE
Original cataloging agency SAKAP
Language of cataloging eng
Description conventions rda
Transcribing agency SAKAP
Modifying agency OCLCO
-- OCLCF
-- OCLCQ
-- UkOxU
-- BD-JhCC
041 1# - LANGUAGE CODE
Language code of text/sound track or separate title eng
Language code of original nor
082 04 - DEWEY DECIMAL CLASSIFICATION NUMBER
Classification number 839.8
Edition number 23
Item number GAA 2015
100 1# - MAIN ENTRY--PERSONAL NAME
Personal name Gaarder, Jostein,
Dates associated with a name 1952-
Relator term author.
240 10 - UNIFORM TITLE
Uniform title Sofies verden.
Language of a work English
245 10 - TITLE STATEMENT
Title Sophie's world /
Statement of responsibility, etc. Jostein Gaarder ; translated by Paulette Møller.
250 ## - EDITION STATEMENT
Edition statement 20th anniversary edition.
264 #1 - PRODUCTION, PUBLICATION, DISTRIBUTION, MANUFACTURE, AND COPYRIGHT NOTICE
Place of production, publication, distribution, manufacture London :
Name of producer, publisher, distributor, manufacturer Weidenfeld & Nicolson,
Date of production, publication, distribution, manufacture, or copyright notice 2015.
300 ## - PHYSICAL DESCRIPTION
Extent xvi, 427 pages :
Dimensions 20 cm
336 ## - CONTENT TYPE
Content type term text
Content type code txt
Source rdacontent
337 ## - MEDIA TYPE
Media type term unmediated
Media type code n
Source rdamedia
338 ## - CARRIER TYPE
Carrier type term volume
Carrier type code nc
Source rdacarrier
500 ## - GENERAL NOTE
General note Translated from the Norwegian.
500 ## - GENERAL NOTE
General note Previous edition of this translation: London: Phoenix House, 1995.
500 ## - GENERAL NOTE
General note Includes index.
650 #0 - SUBJECT ADDED ENTRY--TOPICAL TERM
Topical term or geographic name entry element Philosophy
General subdivision History
Form subdivision Fiction.
650 #7 - SUBJECT ADDED ENTRY--TOPICAL TERM
Topical term or geographic name entry element Philosophy.
Source of heading or term fast
Authority record control number or standard number (OCoLC)fst01060777
655 #7 - INDEX TERM--GENRE/FORM
Genre/form data or focus term Fiction.
Source of term fast
Authority record control number (OCoLC)fst01423787
655 #7 - INDEX TERM--GENRE/FORM
Genre/form data or focus term History.
Source of term fast
Authority record control number (OCoLC)fst01411628
700 1# - ADDED ENTRY--PERSONAL NAME
Personal name Møller, Paulette,
Relator term translator.
942 ## - ADDED ENTRY ELEMENTS (KOHA)
Source of classification or shelving scheme Dewey Decimal Classification
Koha item type Books
Holdings
Withdrawn status Lost status Source of classification or shelving scheme Damaged status Not for loan Home library Current library Shelving location Date acquired Cost, normal purchase price Total Checkouts Full call number Barcode Checked out Date last seen Date last checked out Copy number Price effective from Koha item type
    Dewey Decimal Classification     JCC Rouf Library JCC Rouf Library General Stacks 05/10/2023 500.00 11 839.8 GAA 2015 17726 02/07/2026 01/13/2026 01/13/2026 C-1 05/10/2023 Books

JCC Library | Contacts | JCC Home

Last Update on 23 September 2017
Copyright @ 2017-2020 JCC Rouf Library
Rouf Library, Jhenidah Cadet College (JCC), Bangladesh